Geometría y Trigonometría
Saved in:
| Main Authors: | , , , , |
|---|---|
| 格式: | 圖書 |
| 語言: | 西班牙语 |
| 出版: |
Cuernavaca
Pearson Educación S. A
2016
|
| 版: | 4a. ed |
| 主題: | |
| 標簽: |
添加標簽
沒有標簽, 成為第一個標記此記錄!
|
MARC
| LEADER | 00000cam a2200000 a 4500 | ||
|---|---|---|---|
| 001 | UCC7381 | ||
| 003 | CL-VaPUC | ||
| 008 | 190322e20160000mx |||||||||||||||||spa|d | ||
| 020 | |a 9786073235785 | ||
| 082 | 0 | 4 | |a 516.22 |b AGU |2 21 |
| 100 | 0 | |a Aguilar Márquez, Arturo |e author |9 601992 | |
| 700 | 0 | |a Bravo Vásquez, Fabián Valapai |e author |9 601993 | |
| 700 | 0 | |a Gallegos Ruiz, Herman Aurelio |e author |9 601994 | |
| 700 | 0 | |a Cerón Villegas, Miguel |e author |9 601995 | |
| 700 | 0 | |a Reyes Figueroa, Ricardo |e author |9 601996 | |
| 245 | 1 | 0 | |a Geometría y Trigonometría |
| 250 | |a 4a. ed | ||
| 300 | |a 301 p | ||
| 942 | |c BK | ||
| 945 | |d 20190322 14:57:00 |a dcastane | ||
| 260 | |a Cuernavaca |b Pearson Educación S. A |c 2016 | ||
| 650 | 0 | |a Geometría |9 264063 | |
| 650 | 0 | |a Trigonometría |9 259568 | |
| 583 | |a last modification |c 20190322 14:57:00 |k Rodrigo Vera | ||
| 999 | |c 374045 |d 374043 | ||
| 952 | |0 0 |1 0 |3 erb |4 0 |6 516_220000000000000_AGU_2016 |7 0 |8 A |9 492402 |a BIBING |b BIBING |i 5540046 |l 2 |o 516.22 AGU 2016 |p 5540046 |r 2025-01-20 |s 2023-06-14 |w 2019-11-24 |y BK |z Catalogado en:20190322 |k ING | ||